000 00329nam a2200133Ia 4500
008 191201s1995 xx 000 0 und d
082 _a621.3845
100 _aSUBBARAO,A
245 0 _aNetwork Analysis and Synthesis
260 _aN. delhi
_bDhanpat Rai Pubns (P) Ltd
_c1995
300 _a731
650 _aApplied
942 _2ddc
_cBK
999 _c594
_d594